| 000 | 00532 a2200205 4500 | ||
|---|---|---|---|
| 005 | 20260226112351.0 | ||
| 008 | 260226b |||||||| |||| 00| 0 eng d | ||
| 020 |
_a9789359309774 _c795.00 |
||
| 040 | _aMAIN | ||
| 082 |
_a658.8 _bC392M |
||
| 100 | _aChaturvedi, Mukesh | ||
| 245 | _aMarketing: A new age perspective | ||
| 260 |
_bVikas Publishing House _c2025 _aNoida |
||
| 300 | _axxiv, 516 | ||
| 650 | _aSales Management | ||
| 650 | _aConsumer Behavior | ||
| 650 | _aAdvertising | ||
| 700 | _aShukla, A V | ||
| 942 | _cBK | ||
| 999 |
_c396959 _d396959 |
||